<?xml version="1.0" encoding="UTF-8"?>
<record
    xmlns:xsi="http://www.w3.org/2001/XMLSchema-instance"
    xsi:schemaLocation="http://www.loc.gov/MARC21/slim http://www.loc.gov/standards/marcxml/schema/MARC21slim.xsd"
    xmlns="http://www.loc.gov/MARC21/slim">

  <leader>01452nam a22004097a 4500</leader>
  <controlfield tag="003">OSt</controlfield>
  <controlfield tag="005">20150827153149.0</controlfield>
  <controlfield tag="007">Texto</controlfield>
  <controlfield tag="008">140220b        xxu||||| |||| 00| 0 eng d</controlfield>
  <datafield tag="020" ind1=" " ind2=" ">
    <subfield code="a">9586042480</subfield>
  </datafield>
  <datafield tag="020" ind1=" " ind2=" ">
    <subfield code="a">9586042537</subfield>
  </datafield>
  <datafield tag="040" ind1=" " ind2=" ">
    <subfield code="a">BIESPA</subfield>
    <subfield code="b">spa</subfield>
    <subfield code="c">BIESPA</subfield>
  </datafield>
  <datafield tag="041" ind1=" " ind2=" ">
    <subfield code="a">spa</subfield>
    <subfield code="n">spa</subfield>
  </datafield>
  <datafield tag="100" ind1=" " ind2=" ">
    <subfield code="a">Garrigues, Joaqu&#xED;n</subfield>
  </datafield>
  <datafield tag="245" ind1=" " ind2=" ">
    <subfield code="a">Curso de Derecho Mercantil/</subfield>
    <subfield code="c">Joaqu&#xED;n Garrigues,</subfield>
  </datafield>
  <datafield tag="250" ind1=" " ind2=" ">
    <subfield code="a">Reimpresi&#xF3;n de la s&#xE9;ptima edici&#xF3;n.</subfield>
  </datafield>
  <datafield tag="260" ind1=" " ind2=" ">
    <subfield code="a">Bogot&#xE1;, Colombia:</subfield>
    <subfield code="b">Temis,</subfield>
    <subfield code="c">1987,</subfield>
  </datafield>
  <datafield tag="300" ind1=" " ind2=" ">
    <subfield code="a">457 p&#xE1;ginas, tomo 5,</subfield>
    <subfield code="c">23 cm.,</subfield>
  </datafield>
  <datafield tag="500" ind1=" " ind2=" ">
    <subfield code="a">Escrito en el idioma espa&#xF1;ol.</subfield>
  </datafield>
  <datafield tag="650" ind1=" " ind2=" ">
    <subfield code="2">Tesauros</subfield>
    <subfield code="a">Derecho Mecantil</subfield>
  </datafield>
  <datafield tag="650" ind1=" " ind2=" ">
    <subfield code="2">Tesauros</subfield>
    <subfield code="a">Derecho de Quiebras</subfield>
    <subfield code="x">Suspensiones de Pagos</subfield>
  </datafield>
  <datafield tag="650" ind1=" " ind2=" ">
    <subfield code="2">Tesauros</subfield>
    <subfield code="a">Derecho Espa&#xF1;ol</subfield>
  </datafield>
  <datafield tag="650" ind1=" " ind2=" ">
    <subfield code="2">Tesauros</subfield>
    <subfield code="a">Derecho Romano</subfield>
  </datafield>
  <datafield tag="650" ind1=" " ind2=" ">
    <subfield code="2">Tesauros</subfield>
    <subfield code="a">Quiebra</subfield>
    <subfield code="x">Clases</subfield>
  </datafield>
  <datafield tag="650" ind1=" " ind2=" ">
    <subfield code="2">Tesauros</subfield>
    <subfield code="a">Comerciante Mar&#xED;timo</subfield>
  </datafield>
  <datafield tag="650" ind1=" " ind2=" ">
    <subfield code="2">Tesauros</subfield>
    <subfield code="a">Sociedades Mercantiles</subfield>
  </datafield>
  <datafield tag="650" ind1=" " ind2=" ">
    <subfield code="2">Tesauros</subfield>
    <subfield code="a">Buques</subfield>
    <subfield code="x">Sociedades de Clasificaci&#xF3;n</subfield>
  </datafield>
  <datafield tag="650" ind1=" " ind2=" ">
    <subfield code="2">Tesauros</subfield>
    <subfield code="a">Derecho de Propiedad</subfield>
  </datafield>
  <datafield tag="650" ind1=" " ind2=" ">
    <subfield code="2">Tesauros</subfield>
    <subfield code="a">Derecho Mar&#xED;timo</subfield>
  </datafield>
  <datafield tag="650" ind1=" " ind2=" ">
    <subfield code="2">Tesauros</subfield>
    <subfield code="a">Compraventa de Buques</subfield>
  </datafield>
  <datafield tag="650" ind1=" " ind2=" ">
    <subfield code="2">Tesauros</subfield>
    <subfield code="a">Contrato de Fletamento</subfield>
  </datafield>
  <datafield tag="650" ind1=" " ind2=" ">
    <subfield code="2">Tesauros</subfield>
    <subfield code="a">Seguro Mar&#xED;timo</subfield>
  </datafield>
  <datafield tag="650" ind1=" " ind2=" ">
    <subfield code="2">Tesauros</subfield>
    <subfield code="a">Comercio Mar&#xED;timo</subfield>
    <subfield code="x">Da&#xF1;os</subfield>
  </datafield>
  <datafield tag="650" ind1=" " ind2=" ">
    <subfield code="2">Tesauros</subfield>
    <subfield code="a">Agentes del Naviero</subfield>
  </datafield>
  <datafield tag="856" ind1=" " ind2=" ">
    <subfield code="u">http://biespaext.procuraduria-admon.gob.pa/files/original/b58e6ffab76c463cb0e19075597d46b1.pdf</subfield>
    <subfield code="y">Indice</subfield>
  </datafield>
  <datafield tag="942" ind1=" " ind2=" ">
    <subfield code="2">ddc</subfield>
    <subfield code="c">BK</subfield>
  </datafield>
  <datafield tag="999" ind1=" " ind2=" ">
    <subfield code="c">109</subfield>
    <subfield code="d">109</subfield>
  </datafield>
  <datafield tag="952" ind1=" " ind2=" ">
    <subfield code="0">0</subfield>
    <subfield code="1">0</subfield>
    <subfield code="2">ddc</subfield>
    <subfield code="4">0</subfield>
    <subfield code="7">-1</subfield>
    <subfield code="a">01</subfield>
    <subfield code="b">01</subfield>
    <subfield code="c">GEN</subfield>
    <subfield code="d">2014-02-20</subfield>
    <subfield code="e">Obsequio</subfield>
    <subfield code="f">Colecci&#xF3;n </subfield>
    <subfield code="i">0467</subfield>
    <subfield code="p">0467</subfield>
    <subfield code="r">2014-02-20 00:00:00</subfield>
    <subfield code="t">ejemplar 1, tomo 5</subfield>
    <subfield code="u">RDA</subfield>
    <subfield code="w">2014-02-20</subfield>
    <subfield code="y">BK</subfield>
  </datafield>
</record>
